000
00247nam a2200097Ia 4500
001
1089895
005
20250827002831.0
008
250824s9999 xx 000 0 und d
245
0
_a
ÖZGÜRLÜĞE KAÇIŞIM
_c
ALİYA İZETBEGOVİÇ
260
_b
KETEBE
999
_c
1089895
_d
1089895